[Event "Fejer County-ch"]
[Site "Fejer Region"]
[Date "2016.11.20"]
[Round "7"]
[White "Zambo, Arpad"]
[Black "Vasvari, Tamas"]
[Result "1/2-1/2"]
[WhiteElo "1769"]
[BlackElo "2121"]
[PlyCount "31"]
[EventDate "2016.11.05"]
[EventType "swiss"]
[EventRounds "7"]
[EventCountry "HUN"]
[SourceTitle "EXT 2018"]
[Source "ChessBase"]
[SourceDate "2017.10.13"]
[SourceVersion "1"]
[SourceVersionDate "2017.10.13"]
[SourceQuality "1"]

1. e4 c5 2. Nf3 Nf6 3. d4 cxd4 4. Nxd4 Nxe4 5. Bd3 Nf6 6. Bg5 Qa5+ 7. Bd2 Qe5+ 8. Be3 Nd5 9. Qf3 Nxe3 10. fxe3 Qf6 11. Qg3 e6 12. Nc3 a6 13. 0-0-0 d6 14. Rhf1 Qe7 15. Ne4 Nd7 16. Ng5 1/2-1/2

[Event "Szekesfehervar-ch"]
[Site "Szekesfehervar"]
[Date "2014.09.27"]
[Round "6"]
[White "Zambo, Arpad"]
[Black "Toth, Jozsef"]
[Result "1-0"]
[WhiteElo "1788"]
[BlackElo "1717"]
[PlyCount "57"]
[EventDate "2014.09.13"]
[EventType "swiss"]
[EventRounds "7"]
[EventCountry "HUN"]
[SourceTitle "EXT 2016"]
[Source "ChessBase"]
[SourceDate "2015.10.08"]
[SourceVersion "1"]
[SourceVersionDate "2015.10.08"]
[SourceQuality "1"]

1. e4 e5 2. Nf3 Nf6 3. Nxe5 d6 4. Nf3 Nxe4 5. d4 d5 6. Bd3 Bg4 7. 0-0 Be7 8. c4 c6 9. cxd5 cxd5 10. Qa4+ Bd7 11. Qb3 Bc6 12. Nc3 0-0 13. Re1 Nxc3 14. bxc3 Nd7 15. a4 Bf6 16. Bf4 Qb6 17. Qc2 g6 18. Bh6 Bg7 19. Bxg7 Kxg7 20. h4 h5 21. Re7 Rae8 22. Rae1 Rxe7 23. Rxe7 Qd8 24. Qe2 Nf6 25. Ng5 Kg8 26. Bxg6 fxg6 27. Qe6+ Kh8 28. Nf7+ Rxf7 29. Qxf7 1-0

[Event "HUN-chT2 Asztalos 1314"]
[Site "Hungary"]
[Date "2014.04.13"]
[Round "8.11"]
[White "Nagy, Balazs"]
[Black "Zambo, Arpad"]
[Result "1-0"]
[WhiteElo "1673"]
[BlackElo "1792"]
[PlyCount "131"]
[EventDate "2013.09.08"]
[EventType "team-tourn"]
[EventRounds "9"]
[EventCountry "HUN"]
[SourceTitle "EXT 2016"]
[Source "ChessBase"]
[SourceDate "2015.10.08"]
[SourceVersion "1"]
[SourceVersionDate "2015.10.08"]
[SourceQuality "1"]
[WhiteTeam "Marcali"]
[BlackTeam "Fehervar"]
[WhiteTeamCountry "HUN"]
[BlackTeamCountry "HUN"]

1. d4 d5 2. Nf3 Nf6 3. Nbd2 e6 4. e3 c5 5. c3 Nc6 6. Bd3 Bd6 7. 0-0 Qc7 8. dxc5 Bxc5 9. e4 0-0 10. exd5 exd5 11. Nb3 Bb6 12. Qc2 h6 13. Bd2 Bg4 14. Nfd4 Rfe8 15. Rfe1 Nxd4 16. Nxd4 Bxd4 17. cxd4 Qxc2 18. Bxc2 Rac8 19. Rxe8+ Rxe8 20. Be3 Be2 21. Rc1 Kf8 22. Bb3 b5 23. Bd1 Bxd1 24. Rxd1 Ng4 25. Re1 f5 26. Bd2 Re4 27. h3 Nf6 28. Rxe4 dxe4 29. Be3 Nd5 30. a3 Kf7 31. Bd2 Ke6 32. g3 g5 33. Kf1 f4 34. Ke2 h5 35. g4 hxg4 36. hxg4 Nf6 37. f3 Kd5 38. Bb4 exf3+ 39. Kxf3 Ne4 40. Bf8 Kxd4 41. Bg7+ Kd3 42. Bh6 Kd4 43. Bg7+ Kd5 44. Bf8 Nf6 45. Bh6 Nh7 46. Bg7 a5 47. Bh6 b4 48. axb4 axb4 49. Bg7 b3 50. Bh6 Ke6 51. Bg7 Nf6 52. Bh6 Nh7 53. Bg7 Kf7 54. Be5 Ke6 55. Bg7 Kd5 56. Bh6 Kd4 57. Bg7+ Kd3 58. Bh6 Kc2 59. Bg7 Nf8 60. Bh8 Ng6 61. Bf6 Nh4+ 62. Kf2 Ng6 63. Kf3 Ne7 64. Bxe7 Kxb2 65. Bxg5 Kc2 66. Bf6 1-0

[Event "Fejer County-chT 1213"]
[Site "Fejer Region"]
[Date "2012.11.03"]
[Round "1.10"]
[White "Sarok, Peter"]
[Black "Zambo, Arpad"]
[Result "0-1"]
[WhiteElo "2142"]
[BlackElo "1782"]
[PlyCount "75"]
[EventDate "2012.11.03"]
[EventType "team-tourn"]
[EventRounds "7"]
[EventCountry "HUN"]
[SourceTitle "EXT 2019"]
[Source "ChessBase"]
[SourceDate "2018.10.10"]
[SourceVersion "1"]
[SourceVersionDate "2018.10.10"]
[SourceQuality "1"]
[WhiteTeam "Mor"]
[BlackTeam "Fehervar II"]
[WhiteTeamCountry "HUN"]
[BlackTeamCountry "HUN"]

1. d4 Nf6 2. c4 e6 3. Nc3 d5 4. cxd5 exd5 5. Bg5 c6 6. Qc2 Bd6 7. e3 Be6 8. Bd3 h6 9. Bh4 Nbd7 10. Nge2 Qc7 11. h3 a6 12. g4 g5 13. Bg3 h5 14. gxh5 Rxh5 15. Bf5 Bxf5 16. Qxf5 g4 17. Qd3 gxh3 18. Nf4 Bxf4 19. Bxf4 Qa5 20. 0-0-0 0-0-0 21. Kb1 Rg8 22. Qe2 Qb4 23. Rc1 Qe7 24. Qf3 Qe6 25. Qe2 Rg2 26. b4 Nb6 27. b5 axb5 28. Nxb5 Nc4 29. Rxc4 dxc4 30. Nd6+ Kd7 31. Qb2 b5 32. Qa3 Nd5 33. Qa7+ Nc7 34. Qb8 Qg6+ 35. e4 Qg8 36. Ne8 Nxe8 37. Qb7+ Kd8 38. d5 0-1

[Event "Fejer County-ch"]
[Site "Szekesfehervar"]
[Date "2012.03.17"]
[Round "5"]
[White "Zambo, Arpad"]
[Black "Tar, Balazs"]
[Result "1-0"]
[WhiteElo "1786"]
[BlackElo "1488"]
[PlyCount "59"]
[EventDate "2012.03.15"]
[EventType "swiss"]
[EventRounds "7"]
[EventCountry "HUN"]
[SourceTitle "EXT 2019"]
[Source "ChessBase"]
[SourceDate "2018.10.10"]
[SourceVersion "1"]
[SourceVersionDate "2018.10.10"]
[SourceQuality "1"]

1. e4 e5 2. Nf3 Nf6 3. Nxe5 d6 4. Nf3 Nxe4 5. d4 d5 6. Bd3 Bg4 7. 0-0 Be7 8. Re1 Nf6 9. Bg5 0-0 10. Nbd2 Nc6 11. c3 h6 12. Be3 Re8 13. Qc2 Qd7 14. Nh4 Bd6 15. Nf5 Ne7 16. Nxd6 Qxd6 17. h3 Be6 18. Nf3 Rac8 19. Rad1 c6 20. Qd2 Rcd8 21. Bf4 Qd7 22. Ne5 Qc8 23. Bxh6 gxh6 24. Qxh6 Bf5 25. Qxf6 Bxd3 26. Qxf7+ Kh8 27. Qf6+ Kg8 28. Rxd3 Nf5 29. Qf7+ Kh8 30. Ng6# 1-0

[Event "Fejer County-ch"]
[Site "Szekesfehervar"]
[Date "2012.03.16"]
[Round "3"]
[White "Nemeth, Miklos1111"]
[Black "Zambo, Arpad"]
[Result "1-0"]
[WhiteElo "2083"]
[BlackElo "1786"]
[PlyCount "87"]
[EventDate "2012.03.15"]
[EventType "swiss"]
[EventRounds "7"]
[EventCountry "HUN"]
[SourceTitle "EXT 2019"]
[Source "ChessBase"]
[SourceDate "2018.10.10"]
[SourceVersion "1"]
[SourceVersionDate "2018.10.10"]
[SourceQuality "1"]

1. e4 e6 2. d4 d5 3. Nc3 Nf6 4. Bg5 Be7 5. e5 Nfd7 6. h4 c5 7. Bxe7 Qxe7 8. Nb5 Nb6 9. Nd6+ Kd8 10. c3 Nc6 11. f4 f6 12. Nf3 Rf8 13. Bd3 h6 14. Bb5 c4 15. h5 Kc7 16. Nh4 fxe5 17. Nxc8 Raxc8 18. Ng6 Qf6 19. Bxc6 bxc6 20. dxe5 Qf5 21. Nxf8 Rxf8 22. 0-0 c5 23. a4 a5 24. b4 cxb4 25. cxb4 axb4 26. a5 Na8 27. Qd2 b3 28. Qb4 Rb8 29. Qd6+ Kc8 30. a6 Nc7 31. Ra5 b2 32. Rc5 Qf7 33. Rb1 Qd7 34. a7 Ra8 35. Rxb2 Qxd6 36. exd6 Rxa7 37. Rxc7+ Rxc7 38. dxc7 Kxc7 39. Kf2 Kd6 40. Rb6+ Ke7 41. Ke3 Kf6 42. g4 Ke7 43. Kd4 Kd7 44. Rb7+ 1-0

[Event "Dunaujvaros op"]
[Site "Dunaujvaros"]
[Date "2011.03.13"]
[Round "3"]
[White "Zambo, Arpad"]
[Black "Csatho, Gabor"]
[Result "1-0"]
[WhiteElo "1828"]
[BlackElo "1804"]
[PlyCount "105"]
[EventDate "2011.03.12"]
[EventType "swiss"]
[EventRounds "7"]
[EventCountry "HUN"]
[SourceTitle "CBM 141 Extra"]
[Source "ChessBase"]
[SourceDate "2011.05.03"]
[SourceVersion "1"]
[SourceVersionDate "2011.05.03"]
[SourceQuality "1"]

1. e4 e6 2. d4 d5 3. exd5 exd5 4. Bd3 Bd6 5. Ne2 Be6 6. Bf4 Nc6 7. c3 Nf6 8. 0-0 Ne7 9. Re1 Qd7 10. a4 0-0 11. Nd2 Ng6 12. Bxd6 Qxd6 13. Nf1 Nh5 14. Nfg3 Nhf4 15. Nxf4 Nxf4 16. Bc2 g6 17. Qf3 f6 18. h4 h5 19. Rxe6 Nxe6 20. Bxg6 Ng7 21. Re1 f5 22. Bxh5 f4 23. Nf1 Nxh5 24. Qxh5 Rf7 25. Re5 c6 26. Qg5+ Rg7 27. Qxf4 Rf8 28. Qe3 Qf6 29. h5 Qf4 30. g3 Qxe3 31. Nxe3 Kh7 32. Kg2 Rgf7 33. f4 a6 34. Kf3 Kh8 35. Ng4 Rg7 36. Nh6 Rf6 37. Re8+ Kh7 38. Ng4 Rf5 39. Re6 Kh8 40. Nf6 Rf7 41. Re8+ Kg7 42. Rg8+ Kxf6 43. g4 Rxh5 44. gxh5 Rh7 45. Kg4 Kf7 46. Rg6 Rh8 47. Kg5 Re8 48. h6 Re2 49. Rg7+ Kf8 50. Kf6 Re3 51. Rxb7 Kg8 52. f5 Rh3 53. h7+ 1-0

[Event "HUN-chT2 Charousek 0910"]
[Site "Hungary"]
[Date "2010.04.11"]
[Round "9"]
[White "Zambo, Arpad"]
[Black "Havasi, Jozsef"]
[Result "0-1"]
[WhiteElo "1848"]
[BlackElo "1831"]
[PlyCount "46"]
[EventDate "2009.11.08"]
[EventType "team-tourn"]
[EventRounds "11"]
[EventCountry "HUN"]
[SourceTitle "EXT 2011"]
[Source "ChessBase"]
[SourceDate "2010.11.26"]
[SourceVersion "1"]
[SourceVersionDate "2010.11.26"]
[SourceQuality "1"]
[WhiteTeam "Fehervar"]
[BlackTeam "Sarvar"]
[WhiteTeamCountry "HUN"]
[BlackTeamCountry "HUN"]

1. e4 e5 2. Nf3 Nc6 3. Bc4 Nf6 4. d4 exd4 5. e5 d5 6. exf6 dxc4 7. fxg7 Bxg7 8. 0-0 0-0 9. Ng5 h6 10. Ne4 Bf5 11. Ng3 Bg6 12. Nd2 Qd5 13. Nf3 Rad8 14. Nh4 d3 15. cxd3 Qxd3 16. Qg4 Ne5 17. Qh3 Bh7 18. Be3 f5 19. Nh5 Ng4 20. Nxg7 Kxg7 21. Qg3 Kh8 22. Qf4 Qd6 23. Qxc4 Qxh2# 0-1

[Event "HUN-chT2 Asztalos 0809"]
[Site "Hungary"]
[Date "2009.04.05"]
[Round "10"]
[White "Sarmai, Zsolt"]
[Black "Zambo, Arpad"]
[Result "0-1"]
[WhiteElo "1744"]
[BlackElo "1861"]
[PlyCount "64"]
[EventDate "2008.10.26"]
[EventType "team-tourn"]
[EventRounds "11"]
[EventCountry "HUN"]
[SourceTitle "EXT 2010"]
[Source "ChessBase"]
[SourceDate "2010.11.25"]
[SourceVersion "1"]
[SourceVersionDate "2010.11.25"]
[SourceQuality "1"]
[WhiteTeam "MAV Elore"]
[BlackTeam "Fehervar"]
[WhiteTeamCountry "HUN"]
[BlackTeamCountry "HUN"]

1. e4 e5 2. Nf3 Nf6 3. Nxe5 d6 4. Nf3 Nxe4 5. Be2 d5 6. d4 Bd6 7. Nbd2 0-0 8. c4 c6 9. 0-0 Nd7 10. Qb3 Ndf6 11. h3 Re8 12. Bd3 Rb8 13. Nb1 Bf5 14. Bg5 Qd7 15. Bxf6 dxc4 16. Bxc4 Nxf6 17. Ng5 Re7 18. Nc3 h6 19. Nxf7 Rxf7 20. Bxf7+ Qxf7 21. Qxf7+ Kxf7 22. Rfe1 Rd8 23. Rad1 Bc7 24. Rd2 Bb6 25. Red1 Ba5 26. a3 Nd5 27. Rc1 Re8 28. b4 Nxc3 29. Rxc3 Re1+ 30. Kh2 Bc7+ 31. g3 Be4 32. Re3 Rh1# 0-1

[Event "HUN-chT2 Asztalos 0708"]
[Site "Hungary"]
[Date "2008.05.18"]
[Round "11"]
[White "Fodor, Adam"]
[Black "Zambo, Arpad"]
[Result "0-1"]
[WhiteElo "1834"]
[BlackElo "1887"]
[PlyCount "130"]
[EventDate "2007.10.14"]
[EventType "team"]
[EventRounds "11"]
[EventCountry "HUN"]
[SourceTitle "EXT 2009"]
[Source "ChessBase"]
[SourceDate "2008.11.26"]
[SourceVersion "1"]
[SourceVersionDate "2008.11.26"]
[SourceQuality "1"]
[WhiteTeam "Paks ASE"]
[BlackTeam "Fehervar"]
[WhiteTeamCountry "HUN"]
[BlackTeamCountry "HUN"]

1. d4 e6 2. Nf3 Nf6 3. Bg5 d5 4. Nbd2 c5 5. e3 Be7 6. Ne5 0-0 7. c3 Nbd7 8. f4 cxd4 9. exd4 Nxe5 10. fxe5 Nd7 11. Bxe7 Qxe7 12. Qh5 f6 13. Bd3 g6 14. Qh4 g5 15. Qg3 fxe5 16. dxe5 Qg7 17. 0-0-0 Nxe5 18. Bc2 b5 19. Rde1 Nc4 20. Nf3 h6 21. h4 b4 22. hxg5 bxc3 23. Rxh6 cxb2+ 24. Kd1 Rf5 25. Qh4 Rb8 26. Nd2 Nxd2 27. Kxd2 Qxg5+ 28. Qxg5+ Rxg5 29. Rg6+ Rxg6 30. Bxg6 Kg7 31. Bb1 Rb6 32. Re3 Ba6 33. Ra3 Kf6 34. Ke3 Bf1 35. Kf2 Rc6 36. Rb3 Bc4 37. Rxb2 Rb6 38. Rxb6 axb6 39. a3 d4 40. Bc2 b5 41. g3 Ke5 42. Kf3 Bd5+ 43. Ke2 Be4 44. Bd1 Kf5 45. Kf2 e5 46. Be2 Bc6 47. Bd3+ e4 48. Be2 Ke5 49. Bd1 Bd5 50. Ke2 Bc4+ 51. Kf2 e3+ 52. Kf3 Bd5+ 53. Ke2 Be4 54. Bb3 Kf5 55. Bf7 Kg4 56. Be8 Kxg3 57. Bxb5 Kf4 58. a4 Ke5 59. a5 Kd6 60. a6 Kc7 61. Kd1 Bf5 62. Ke2 Be4 63. Kd1 d3 64. Ke1 d2+ 65. Ke2 Bf3+ 0-1